Aktuálne problémy správy dane z liehu bakalárska práca

Uložené v:
Podrobná bibliografia
Hlavný autor: Jacko, Lukáš
Korporativný autor: Podnikovohospodárska fakulta EU so sídlom v Košiciach. Katedra účtovníctva a financií
Ďalší autori: Zoričáková, Viera, 1960-
Médium: Kniha
Jazyk:Slovak
Vydavateľské údaje: Košice 2010
Tagy: Pridať tag
Žiadne tagy, Buďte prvý, kto otaguje tento záznam!

MARC

LEADER 00000nbm a2200000 4500
001 0132624
005 20161109111431.4
041 0 |a slo 
044 |a SK 
245 1 0 |a Aktuálne problémy správy dane z liehu  |b bakalárska práca  |c Lukáš Jacko ; školiteľ: Viera Zoričáková 
264 1 |a Košice  |c 2010 
300 |a 55 s. 
100 1 |a Jacko, Lukáš 
700 1 |a Zoričáková, Viera, 1960- 
710 2 |a Podnikovohospodárska fakulta EU so sídlom v Košiciach. Katedra účtovníctva a financií